Statistics for Top 15 Countries with Covid-19 Cases - 23 July

Click here to take the quiz!

General Stats

  • This quiz has been taken 19 times
  • The average score is 15 of 25

Answer Stats

country% Correct
Italy
100%
Spain
100%
United Kingdom
100%
United States
100%
Brazil
94%
India
94%
Mexico
83%
Russia
83%
Iran
72%
Peru
72%
Chile
67%
Chile
67%
Colombia
61%
Pakistan
56%
South Africa
56%
Sweden
50%
Saudi Arabia
44%
Singapore
39%
Panama
33%
Qatar
33%
Armenia
28%
Bahrain
28%
Belarus
28%
Kuwait
28%
Oman
22%

Score Distribution

Percentile by Number Answered

Percent of People with Each Score

Your Score History

You have not taken this quiz